Solid state fundamentals for electricians / (Record no. 181595)

000 -LEADER
fixed length control field 01021 a2200205 4500
003 - CONTROL NUMBER IDENTIFIER
control field Nust
005 - DATE AND TIME OF LATEST TRANSACTION
control field 20221122144914.0
010 ## - LIBRARY OF CONGRESS CONTROL NUMBER
LC control number 83073459
020 ## - INTERNATIONAL STANDARD BOOK NUMBER
International Standard Book Number 0826916287
040 ## - CATALOGING SOURCE
Transcribing agency Nust
082 00 - DEWEY DECIMAL CLASSIFICATION NUMBER
Classification number 621.381,ROC
100 1# - MAIN ENTRY--PERSONAL NAME
Personal name Rockis, Gary.
9 (RLIN) 103379
245 10 - TITLE STATEMENT
Title Solid state fundamentals for electricians /
Statement of responsibility, etc. Gary Rockis.
250 ## - EDITION STATEMENT
Edition statement 2nd ed. /
260 ## - PUBLICATION, DISTRIBUTION, ETC.
Place of publication, distribution, etc. Alsip, Ill. :
Name of publisher, distributor, etc. American Technical Publishers,
Date of publication, distribution, etc. c1985.
300 ## - PHYSICAL DESCRIPTION
Extent 232 p. :
Other physical details ill. (some col.) ;
Dimensions 28 cm.
505 ## - FORMATTED CONTENTS NOTE
Formatted contents note Safety (Page-1), PC Board Construction and Repair (Page-5), Semiconductor Diodes (Page-19), DC Power Supplies Single Phase (Page-41), Solid State Transducers (Page-57), Transistor As DC Switch (Page-78), Silicon Controlled Rectifier SCR (Page-100), TRIAC DIAC and UNI Junction Transistor (Page-119), Transistor as an AC Amplifier (Page-133), Field Effect Transistor and Multistage Amplifier (Page-148),Integrated Circuits IC (Page-167), Fiber Optics (Page-193).
650 #0 - SUBJECT ADDED ENTRY--TOPICAL TERM
Topical term or geographic name entry element Telecommunication Engineering
942 ## - ADDED ENTRY ELEMENTS (KOHA)
Source of classification or shelving scheme
Koha item type Book
Holdings
Withdrawn status Lost status Source of classification or shelving scheme Damaged status Not for loan Permanent Location Current Location Shelving location Date acquired Full call number Barcode Date last seen Price effective from Koha item type Public note
          Military College of Signals (MCS) Military College of Signals (MCS) General Stacks 12/12/2016 621.381,ROC MCS5348 12/08/2016 12/12/2016 Book Almirah No.31, Shelf No.5
© 2023 Central Library, National University of Sciences and Technology. All Rights Reserved.